000 00747nam a2200289Ia 4500
005 20260324123539.0
008 008 260324s9999 xx 000 0 eng d
020 _a9780203181911
037 _aEBOOK
040 _aCRL
040 _beng
040 _cCRL
041 _2eng
041 _aeng
084 _qCRL
100 _aChun-Yi Lee
_91170722
245 0 _aTaiwanese Business or Chinese Security Asset
245 2 _bA changing pattern of interaction between Taiwanese businesses and Chinese governments
260 _bTaylor and Francis
260 _c2011
365 _a
365 _b240
856 _uhttp://www.taylorfrancis.com/books/9780203181911
942 _cEBOOK
999 _c1764346
_d1764346